[Event "Bad Woerishofen op"]
[Site "Bad Woerishofen"]
[Date "1997.??.??"]
[Round "7"]
[White "Mainka, Romuald"]
[Black "Bischoff, Klaus"]
[Result "1/2-1/2"]
[WhiteElo "2480"]
[BlackElo "2550"]

1.e4 c5 2.Nf3 e6 3.d4 cxd4 4.Nxd4 a6 5.Bd3 Bc5 6.c3 Nc6 7.Nxc6 dxc6 8.e5 Ne7
9.Qe2 Ng6 10.f4 O-O 11.Be3 Bxe3 12.Qxe3 Nxf4 13.Bxh7+ Kxh7 14.Qxf4 f6 15.O-O Kg8
16.Nd2 fxe5 17.Qe3 Bd7 18.Nc4 Rxf1+ 19.Rxf1 Be8 20.Nxe5 Qe7 21.Nf3 Rd8 22.b4 c5
23.a3 Bb5 24.Re1 Rd3 25.Qf4 Rxc3 26.h4 cxb4 27.axb4 Bc6 28.Ne5 Rc2 29.Nxc6 Rxc6
30.h5 Qf6 31.Qd2 Rc4 32.Rd1 Rh4 33.Qd7 Kh7 34.Qxb7 Qf4 35.Rd3 Qc1+ 36.Kf2 Qb2+
37.Kg3 Rxb4 38.Qf7 Qe5+ 39.Kh3 Qe4 40.Qg6+ Qxg6 41.hxg6+ Kxg6 42.Rd6 a5 43.Rxe6+ Kf5
44.Ra6 a4 45.g4+ Kg5 46.Ra5+ Kh6 47.Kh4 g6 48.Ra6 Rc4 49.Ra5 Rb4 50.Ra6  1/2-1/2

[Event "Bad Zwesten op"]
[Site "Bad Zwesten"]
[Date "1997.??.??"]
[Round "3"]
[White "Kersten, Uwe"]
[Black "Miezis, Normunds"]
[Result "1/2-1/2"]
[WhiteElo "2350"]
[BlackElo "2555"]

1.e4 c5 2.Nf3 e6 3.d4 cxd4 4.Nxd4 a6 5.Bd3 Nc6 6.Nxc6 dxc6 7.Nd2 e5 8.Nc4 Nf6
9.O-O Qc7 10.Be3 Be6 11.Bb6 Qc8 12.Qe2 Nd7 13.Be3 Qc7 14.c3 b5 15.Nd2 Bc5
16.Bc2 Bxe3 17.Qxe3 c5 18.Rfd1 O-O 19.Nf1 Nb6 20.Qe2 Rad8 21.Bb3 c4 22.Bc2 a5
23.a3 g6 24.Rxd8 Rxd8 25.Rd1 Nd7 26.Qd2 Rb8 27.Ne3 Qc5 28.h4 b4 29.axb4 axb4
30.Ra1 Nf6 31.cxb4 Qxb4 32.Qxb4 Rxb4 33.Nd1 Rb8 34.Kf1 Rd8 35.Ke2 Rd4 36.Nc3 Nh5
37.g3 Bg4+ 38.Ke3 Rd8 39.Ra5 f6 40.Rb5 Be6 41.Rb6 Ng7 42.f4 Kf7 43.Rb7+ Rd7
44.Rxd7+ Bxd7 45.Bd1 Be6 46.Be2 Ke7 47.Nb1 Kd6 48.fxe5+ fxe5 49.Nd2 Kc5 50.Nf3 Kd6
51.Nd2 Kc5 52.Nf3 Kd6  1/2-1/2

[Event "Barbera op"]
[Site "Barbera"]
[Date "1997.??.??"]
[Round "2"]
[White "Vehi Bach, Victor Manuel"]
[Black "Rosich, Alfred"]
[Result "1/2-1/2"]
[WhiteElo "2390"]
[BlackElo "2265"]

1.e4 c5 2.Nf3 e6 3.d4 cxd4 4.Nxd4 a6 5.Bd3 Nc6 6.Nxc6 dxc6 7.Nd2 Nf6 8.O-O Nd7
9.f4 Nc5 10.Nf3 Qc7 11.Be3 b6 12.Kh1 Bb7 13.Bxc5 Bxc5 14.e5 O-O-O 15.Qe2 a5
16.a3 h6 17.c3 a4 18.Bc2 g5 19.fxg5 hxg5 20.Nxg5 f5 21.Bxa4 Rdg8 22.Nf3 f4
23.Bc2 Be3 24.Be4 Qxe5 25.Qc2 Qh5 26.h3 Rg3  1/2-1/2

[Event "Foment Martinenc op"]
[Site "Barcelona"]
[Date "1997.??.??"]
[Round "9"]
[White "Korneev, Oleg"]
[Black "Narciso Dublan, Marc"]
[Result "1-0"]
[WhiteElo "2565"]
[BlackElo "2470"]

1.e4 c5 2.Nf3 e6 3.d4 cxd4 4.Nxd4 a6 5.Bd3 Ne7 6.f4 Nec6 7.Nf3 Bc5 8.Qe2 d6
9.Nbd2 Nd7 10.Nb3 Ba7 11.Be3 Bxe3 12.Qxe3 Qb6 13.Qe2 Nb4 14.a3 Nxd3+ 15.Qxd3 Nf6
16.O-O-O d5 17.e5 Ne4 18.Rhe1 Qc7 19.Qe3 Bd7 20.Ng5 Rc8 21.Re2 Nxg5 22.fxg5 h6
23.Nd4 Qd8 24.gxh6 Rxh6 25.Rf2 Rc7 26.g3 Rg6 27.h4 Bc8 28.Rdf1 Kf8 29.Nf3 Bd7
30.h5 Rh6 31.Nd4 Bc8 32.g4 Kg8 33.Kb1 Qe8 34.c3 Rh8 35.Rf4 Qd8 36.R4f2 Qe8
37.Ka1 Qd8 38.Ka2 Qe8 39.Rh1 Qd8 40.g5 Qe8 41.Ka1 Qe7 42.Qf4 Bd7 43.Ka2 b5
44.Qg4 Be8 45.h6 Rh7 46.g6 fxg6 47.Rhf1 Bd7 48.Qg5 gxh6 49.Rf8+ Qxf8 50.Rxf8+ Kxf8
51.Qd8+  1-0

[Event "BEL-chT9697"]
[Site "BEL"]
[Date "1997.??.??"]
[Round "?"]
[White "Van Uytven, Eric"]
[Black "Meulders, Richard"]
[Result "0-1"]
[WhiteElo "2110"]
[BlackElo "2265"]

1.e4 c5 2.Nf3 e6 3.d4 cxd4 4.Nxd4 a6 5.Bd3 g6 6.Bd2 Bg7 7.Bc3 Nf6 8.Nd2 O-O
9.Nc4 d5 10.Ba5 dxc4 11.Bxd8 Rxd8 12.Bxc4 e5 13.Qe2 Rxd4 14.f3 Nc6 15.c3 Rd8
16.O-O Na5 17.Rfd1 Bd7 18.Bd3 Nh5 19.g3 Ba4 20.b3 Be8 21.b4 Nc6 22.Bc4 Nf6
23.a3 Rdc8 24.Bb3 Rc7 25.Qe3 Rac8 26.g4 Nd8 27.Rac1 Nd7 28.Bd5 Nf8 29.g5 Nfe6
30.c4 Nf4 31.h4 h6 32.Kh2 hxg5 33.hxg5 Nde6 34.Bxe6 Nxe6 35.c5 Bf8 36.Rg1 Rd8
37.Rcd1 Rxd1 38.Rxd1 Be7 39.Rg1 Ba4 40.Kh3 Rd7 41.Kh2 Rd4 42.Rg4 Bb5 43.Qc1 Rd3
44.a4 Bd7 45.Rg3 Rd4 46.Qa1 a5 47.bxa5 Bxc5 48.Rg2 Bxa4 49.Rb2 Nxg5 50.Rxb7 Nxf3+
51.Kg3 Nd2 52.a6 Nxe4+ 53.Kf3 Bc6 54.Rc7 Rd3+ 55.Kg2 Rd2+ 56.Kh3 Rd3+ 57.Kh2 Rd2+
58.Kh3 Bd4 59.Qa3 Bd5 60.Re7 Ng5+ 61.Kg3 Rg2+ 62.Kh4  0-1

[Event "BEL-chT9697"]
[Site "BEL"]
[Date "1997.??.??"]
[Round "3"]
[White "Le Quang, Kim"]
[Black "Meulders, Richard"]
[Result "0-1"]
[WhiteElo "2235"]
[BlackElo "2265"]

1.e4 c5 2.Nf3 e6 3.d4 cxd4 4.Nxd4 a6 5.Bd3 Bc5 6.Nb3 Ba7 7.Nc3 Nc6 8.Qe2 d6
9.Be3 Nf6 10.Bxa7 Rxa7 11.O-O-O O-O 12.g4 Re8 13.g5 Nd7 14.Rhg1 Nf8 15.f4 b5
16.e5 Rd7 17.exd6 Rxd6 18.Qf2 Nb4 19.Be4 Rxd1+ 20.Rxd1 Qc7 21.a3 Nc6 22.Rd3 Ne7
23.h4 Bb7 24.h5 Bxe4 25.Nxe4 Nd5 26.Rf3 Rc8 27.h6 Ng6 28.hxg7 Kxg7 29.Qd4+ e5
30.Qc5 Ngxf4 31.Qxc7 Rxc7 32.Nd6 Kg6 33.Rg3 Ne2+  0-1

[Event "BEL-chT9697"]
[Site "BEL"]
[Date "1997.??.??"]
[Round "7"]
[White "Paavilainen, Jorma"]
[Black "Chuchelov, Vladimir"]
[Result "1/2-1/2"]
[WhiteElo "2330"]
[BlackElo "2490"]

1.e4 c5 2.Nf3 e6 3.d4 cxd4 4.Nxd4 a6 5.Bd3 Nf6 6.O-O Qc7 7.c4 Nc6 8.Nxc6 dxc6
9.Nd2 e5 10.h3 Be7 11.Qe2 O-O 12.Nf3 Nd7 13.Rd1 Nc5 14.b3 a5 15.Bb2 f6 16.Qc2 Be6
17.Bf1 Rfc8 18.Nh4 Bf8 19.Nf5 Rd8 20.Ne3 Qf7 21.g3 Na6 22.Bc3 Nb4 23.Qe2 Qc7
24.Bg2 Na6 25.Rxd8 Rxd8 26.Rd1 Ra8 27.Kh2 Nc5 28.Qc2 Bf7 29.Qd2 Ne6 30.Nf5 Bh5
31.Rf1 Rd8 32.Qb2 Bf7 33.Qe2 g6 34.Ne3 Bc5 35.Ng4 Bd4 36.Bd2 Qe7 37.f4 exf4  1/2-1/2

[Event "Berliner Sommer"]
[Site "Berlin"]
[Date "1997.??.??"]
[Round "2"]
[White "Christ, Ralf"]
[Black "Chuchelov, Vladimir"]
[Result "0-1"]
[WhiteElo "2270"]
[BlackElo "2540"]

1.e4 c5 2.Nf3 e6 3.d4 cxd4 4.Nxd4 a6 5.Bd3 Nf6 6.O-O Qc7 7.Qe2 d6 8.c4 g6
9.Nc3 Bg7 10.Be3 O-O 11.Rac1 Nbd7 12.Rfd1 b6 13.f3 Bb7 14.Qf2 Rac8 15.Bf1 Qb8
16.Nb3 Ba8 17.Na4 Rc6 18.Nd4 Rc7 19.Nb3 b5 20.cxb5 axb5 21.Nc3 b4 22.Nb5 Rxc1
23.Rxc1 d5 24.Ba7 Qd8 25.e5 Ne8 26.f4 f6 27.Nc5 Qe7 28.Nxd7 Qxd7 29.exf6 Nxf6
30.Bd4 Bc6 31.Na7 Bb7 32.Nb5 Qe7 33.Bd3 Ng4 34.Bxg7 Nxf2 35.Bxf8 Nxd3  0-1

[Event "Berliner Sommer"]
[Site "Berlin"]
[Date "1997.??.??"]
[Round "4"]
[White "Voitsekhovsky, Stanislav"]
[Black "Przybylski, Helmut"]
[Result "1-0"]
[WhiteElo "2480"]
[BlackElo "2235"]

1.e4 c5 2.Nf3 e6 3.d4 cxd4 4.Nxd4 a6 5.Bd3 Nc6 6.Nxc6 dxc6 7.O-O e5 8.Nd2 Bc5
9.Nc4 Qe7 10.a4 Nf6 11.Bg5 h6 12.Bh4 g5 13.Bg3 Bg4 14.Qd2 Nd7 15.h3 Bh5 16.c3 a5
17.Rab1 O-O 18.b4 axb4 19.cxb4 Rfd8 20.bxc5 Nxc5 21.Nxe5 Nxd3 22.Nxd3 Qa3
23.Qb2 Qxd3 24.Qf6 Kh7 25.Be5 Rg8 26.Rxb7 Qc4 27.Rd1 Rg6 28.Rxf7+  1-0

[Event "Berliner Sommer"]
[Site "Berlin"]
[Date "1997.??.??"]
[Round "6"]
[White "Aseev, Konstantin N"]
[Black "Urday, Henry"]
[Result "1-0"]
[WhiteElo "2545"]
[BlackElo "2445"]

1.e4 c5 2.Nf3 e6 3.d4 cxd4 4.Nxd4 a6 5.Bd3 Nf6 6.O-O Qc7 7.Qe2 d6 8.c4 g6
9.Nc3 Bg7 10.Nf3 O-O 11.Bf4 Nh5 12.Bd2 b6 13.Rac1 Bb7 14.Rfd1 Nd7 15.Bg5 h6
16.Be3 Rfd8 17.Bb1 Kh7 18.Ne1 Nhf6 19.Bd4 Rac8 20.b3 Qb8 21.f3 Nc5 22.Nd3 Bc6
23.Kh1 Ne8 24.Bxg7 Nxg7 25.Nf2 Nd7 26.Qd2 Nf6 27.Qf4 Ngh5 28.Qe3 Qb7 29.Rd2 Rd7
30.Rcd1 Qc7 31.Ne2 Rcd8 32.Kg1 Bb7 33.Qd4 Ne8 34.Qe3 Qc5 35.Qxc5 bxc5 36.e5 d5
37.cxd5 exd5 38.Nd3 Rc7 39.Ndf4 Nxf4 40.Nxf4 d4 41.h4 Kg7 42.Rc1 g5 43.hxg5 hxg5
44.Nd3 g4 45.Kf2 gxf3 46.gxf3 Bc8 47.Rxc5 Rxc5 48.Nxc5 Rd5 49.b4 a5 50.a3 axb4
51.axb4 Rxe5 52.Rxd4 Nc7 53.Be4 Nb5 54.Rd8 Bh3 55.Rd5 Kf6 56.Nd7+ Bxd7 57.Rxd7 Ke6
58.Rd3 Nd6 59.Bc6 Rh5 60.Re3+ Kf6 61.Rb3 Re5 62.Rd3 Nc4 63.Rd5 Ke6 64.Rxe5+ Kxe5
65.Bb5 Nb6 66.Be2 f5 67.Kg3 f4+ 68.Kg4 Nd5 69.b5 Nb6 70.Kg5 Nd5 71.Bd3 Nb6
72.Be4 Nc4 73.Bc6 Nb6 74.Kg6 Nc4 75.Kf7 Nb6 76.Ke7 Na4 77.Kd7 Kd4 78.Ke6 Nb6
79.Kf5 Ke3 80.Ke6 Na4 81.Kf5 Nb6 82.Ke5 Na4 83.Be4 Nb6 84.Kd6 Nc4+ 85.Kc5 Nd2
86.Bc6 Nxf3 87.b6 Ne5 88.b7 Nxc6 89.Kxc6 f3 90.b8=Q Ke2 91.Qe5+ Kf1 92.Qa1+ Kg2
93.Qg7+ Kf1 94.Kd5 f2 95.Ke4  1-0

[Event "Berliner Sommer"]
[Site "Berlin"]
[Date "1997.??.??"]
[Round "6"]
[White "Gurevich, Vladimir"]
[Black "Chuchelov, Vladimir"]
[Result "1/2-1/2"]
[WhiteElo "2435"]
[BlackElo "2540"]

1.e4 c5 2.Nf3 e6 3.d4 cxd4 4.Nxd4 a6 5.Bd3 Nf6 6.O-O Qc7 7.Qe2 d6 8.c4 g6
9.Nc3 Bg7 10.Rd1 O-O 11.Nf3 Nc6 12.h3 Nd7 13.Bf4 Nde5 14.Rac1 Qe7 15.Qe3  1/2-1/2

[Event "Mermaid Beach Club"]
[Site "Bermuda"]
[Date "1997.??.??"]
[Round "10"]
[White "Hjartarson, Johann"]
[Black "Bezold, Michael"]
[Result "1/2-1/2"]
[WhiteElo "2585"]
[BlackElo "2500"]

1.e4 c5 2.Nf3 e6 3.d4 cxd4 4.Nxd4 a6 5.Bd3 Bc5 6.Nb3 Ba7 7.Nc3 Nc6 8.Qe2 d6
9.Be3 Nf6 10.O-O b5 11.Bxa7 Rxa7 12.f4 b4 13.Nd1 e5 14.Ne3 Qb6 15.Kh1 exf4
16.Rxf4 Be6 17.Raf1 Ne5 18.Nf5 Bxf5 19.exf5 O-O 20.Qd2 Rb8 21.Be2 Rc7 22.Rd4 d5
23.Qf4 a5 24.Rd2 Re8 25.Qd4 Qxd4  1/2-1/2

[Event "Biel op MTO"]
[Site "Biel"]
[Date "1997.??.??"]
[Round "3"]
[White "Di Fonzo, Valerio"]
[Black "Vehi Bach, Victor Manuel"]
[Result "0-1"]
[WhiteElo "2225"]
[BlackElo "2395"]

1.e4 c5 2.Nf3 e6 3.d4 cxd4 4.Nxd4 a6 5.Bd3 Bc5 6.Nb3 Ba7 7.Qe2 Nc6 8.Be3 d6
9.Bxa7 Rxa7 10.O-O Nge7 11.Qe3 O-O 12.Nc3 b5 13.Rfd1 Qc7 14.Bxb5 axb5 15.Nxb5 Qb8
16.Nxa7 Nxa7 17.Qg3 Rd8 18.c4 Nac6 19.c5 e5 20.cxd6 Rxd6 21.Rxd6 Qxd6 22.Qc3 h5
23.Qd2 Qg6 24.f3 f5 25.exf5 Bxf5 26.Re1 Be6 27.Qc3 Kh7 28.a3 Bh3 29.Qd2 Be6
30.Nc5 Nd4 31.Qf2 Bd5 32.Ne4 Nef5 33.Kh1 h4 34.Qd2 Bxe4 35.Rxe4 Qh5 36.Kg1 h3
37.Rg4 hxg2 38.Qxg2 Qf7 39.Qh3+ Nh6 40.Rg3 Ne2+ 41.Kf2 Nxg3 42.Qxg3 Qd5 43.Kg2 Nf5
44.Qg5 g6 45.h4 Ng7 46.Qe3 Ne6 47.b4 Nf4+ 48.Kg3 Qe6 49.b5 Qh3+ 50.Kf2 Qxh4+
51.Kf1 Qh1+ 52.Kf2 Qg2+ 53.Ke1 Qc2 54.Qd2 Qb1+  0-1

[Event "Biel op MTO"]
[Site "Biel"]
[Date "1997.??.??"]
[Round "3"]
[White "Caruso, Daniele"]
[Black "Pikula, Dejan"]
[Result "0-1"]
[WhiteElo "2130"]
[BlackElo "2465"]

1.e4 c5 2.Nf3 e6 3.d4 cxd4 4.Nxd4 a6 5.Bd3 Nf6 6.O-O d6 7.Qe2 Be7 8.c4 O-O
9.Nc3 b6 10.f4 Bb7 11.Be3 Nc6 12.Rad1 Qc7 13.Kh1 Rac8 14.a3 Nd7 15.Nxc6 Bxc6
16.Rf3 g6 17.Rg3 Bh4 18.Rh3 Bf6 19.Qd2 Qb7 20.Bb1 Bxc3 21.Qxc3 Bxe4 22.Bxe4 Qxe4
23.Rxd6 Rxc4 24.Qd3 Rc1+ 25.Bg1 Nc5 26.Qe3 Re1 27.Qf2 Qb1 28.Rxb6 Ne4 29.Qd4 Rxg1+  0-1

[Event "Biel op MTO"]
[Site "Biel"]
[Date "1997.??.??"]
[Round "5"]
[White "Caruso, Daniele"]
[Black "Xheladini, Mahmut"]
[Result "1/2-1/2"]
[WhiteElo "2130"]
[BlackElo "2310"]

1.e4 c5 2.Nf3 e6 3.d4 cxd4 4.Nxd4 a6 5.Bd3 Bc5 6.Nb3 Ba7 7.Qe2 Nc6 8.Be3 Bxe3
9.Qxe3 Nf6 10.Nc3 Qc7 11.f4 d6 12.O-O-O b5 13.Rhe1 b4 14.Ne2 O-O 15.Ned4 Ne7
16.h3 d5 17.e5 Nd7 18.f5 exf5 19.Nxf5 Nxf5 20.Bxf5 Nb6 21.e6 fxe6 22.Bxe6+ Bxe6
23.Qxe6+ Kh8 24.Nd4 Nc4 25.Kb1 Rf2 26.Qe8+ Rf8 27.Qe6 Rac8 28.Qxd5 Rfd8 29.Qe4 Qb6
30.Qe7 h6 31.Nb3 a5 32.Rxd8+ Rxd8 33.Rf1 Rg8 34.Kc1 Qc6 35.Qc5 Qe4 36.Qd4 Qe2
37.Qd3 Qxd3 38.cxd3 Ne3 39.Rf2 a4 40.Na5 Rc8+ 41.Kd2 Nd5 42.Nc4 g6 43.g3 Kg8
44.Ne3 Ne7 45.Rf6 b3 46.axb3 axb3 47.Rb6 Rf8 48.Ke2 Re8 49.Kf3 Rd8 50.Rxb3 Nc6
51.Rc3 Nd4+ 52.Kf2 Rf8+ 53.Kg2 Re8 54.Rc4 Rd8 55.Ng4 Nf5 56.Rc3 Rf8 57.h4 h5
58.Ne5 Ne3+ 59.Kh2 Rf2+ 60.Kh1 Rf1+ 61.Kh2 Rf2+ 62.Kh1  1/2-1/2

[Event "Biel op MTO"]
[Site "Biel"]
[Date "1997.??.??"]
[Round "11"]
[White "Zude, Arno"]
[Black "Pikula, Dejan"]
[Result "1-0"]
[WhiteElo "2395"]
[BlackElo "2465"]

1.e4 c5 2.Nf3 e6 3.d4 cxd4 4.Nxd4 a6 5.Bd3 Nf6 6.O-O d6 7.c4 Be7 8.Nc3 O-O
9.Qe2 b6 10.f4 Bb7 11.Kh1 Nc6 12.Nxc6 Bxc6 13.b3 Rc8 14.Bb2 Qc7 15.Rae1 Bb7
16.Bb1 Nd7 17.Qh5 g6 18.Qh6 Bf6 19.Re3 Rfe8 20.Rh3 Nf8 21.Nd5 Bxb2 22.Nxc7 Rxc7
23.Bd3 f6 24.Qh4 Bd4 25.e5 dxe5 26.fxe5 Bxe5 27.Be4 g5 28.Qh5 Rd8 29.Bxb7 Rxb7
30.Re3 Bd4 31.Rd3 Rbd7 32.Qf3 f5 33.Rfd1 a5 34.Qh5 g4 35.Qg5+ Ng6 36.Rxd4 Rxd4
37.Qxd8+ Rxd8 38.Rxd8+ Kf7 39.Rb8 e5 40.Rxb6 f4 41.b4 a4 42.b5 e4 43.Rxg6 hxg6
44.b6 e3 45.Kg1 g3 46.hxg3 fxg3 47.Kf1  1-0

[Event "Bled op18th"]
[Site "Bled"]
[Date "1997.??.??"]
[Round "1"]
[White "Kecic, Stevan"]
[Black "Rotstein, Arkadij"]
[Result "0-1"]
[WhiteElo "2245"]
[BlackElo "2455"]

1.e4 c5 2.Nf3 e6 3.d4 cxd4 4.Nxd4 a6 5.Bd3 Nc6 6.Nxc6 dxc6 7.a4 e5 8.O-O Nf6
9.Nd2 Be6 10.Nc4 Nxe4 11.Nxe5 Nc5 12.Bc4 Bd6 13.Bxe6 Nxe6 14.Nd3 O-O 15.a5 Bc7
16.Bd2 Qd5 17.Ra4 Rad8 18.Bc3 c5 19.b3 Rfe8 20.Re1 h5 21.Qa1 f6 22.Rae4 Kf7
23.Qa4 g5 24.Qc4 Qxc4 25.Rxc4 Bd6 26.h3 Rc8 27.Kf1 Red8 28.Ra1 Be7 29.Ke2 Rd5
30.g4 hxg4 31.hxg4 Rh8 32.Kf3 Rh3+ 33.Kg2 Rhxd3 34.cxd3 Rxd3 35.Rh1 Nf4+
36.Kf1 Kg7 37.Ke1 Bd6 38.Rg1 Nd5 39.Bd2 Rxb3 40.Ke2 Rb2 41.Kd3 Kf7 42.Rcc1 Bf4
43.Rc2 c4+  0-1

[Event "Bled op18th"]
[Site "Bled"]
[Date "1997.??.??"]
[Round "7"]
[White "Bokan, Danko"]
[Black "Ilijin, Neboisa"]
[Result "1/2-1/2"]
[WhiteElo "2390"]
[BlackElo "2290"]

1.e4 c5 2.Nf3 e6 3.d4 cxd4 4.Nxd4 a6 5.Bd3 Nf6 6.O-O Qc7 7.Qe2 d6 8.c4 Be7
9.f4 Nbd7 10.b3 b6 11.Bb2 Bb7 12.Nd2 O-O 13.Rae1 g6 14.e5 dxe5 15.fxe5 Nh5
16.Be4 Nc5 17.Bxb7 Qxb7 18.Qe3 Ng7 19.Rf3 Nf5 20.Nxf5 exf5 21.Qh6 f6 22.Rh3 Rf7
23.exf6 Bxf6 24.Rhe3 Be7 25.Rh3 Qc6 26.Nf3 Ne4 27.Bd4 Bc5 28.Bxc5 Qxc5+ 29.Qe3 Qc7
30.Ng5 Re7 31.Nxe4 Rxe4 32.Qf2 Rae8 33.Rhe3 Qc6  1/2-1/2

[Event "Bled op18th"]
[Site "Bled"]
[Date "1997.??.??"]
[Round "8"]
[White "Susnik, Matej"]
[Black "Tratar, Marko"]
[Result "0-1"]
[WhiteElo "2235"]
[BlackElo "2420"]

1.e4 c5 2.Nf3 e6 3.d4 cxd4 4.Nxd4 a6 5.Bd3 Nf6 6.O-O Qc7 7.Kh1 Bc5 8.Nb3 Be7
9.f4 d6 10.Nc3 Nc6 11.Qf3 g6 12.Be3 Rb8 13.a4 b6 14.Nd4 Nb4 15.e5 Nd7 16.exd6 Qxd6
17.Bc4 O-O 18.Rad1 Qc7 19.Bb3 Qb7 20.Qh3 Nc5 21.Qh6 Nxb3 22.cxb3 Bd7 23.Rf3 f6
24.Rg3 Rf7 25.Nf3 Bf8 26.Qh4 Bc6 27.Nd4 Rd8 28.Qg4 e5 29.fxe5 fxe5 30.Nxc6 Rxd1+
31.Qxd1 Qxc6 32.Rf3 Be7 33.Rxf7 Kxf7 34.Qf3+ Qxf3 35.gxf3 Bd8 36.Kg2 Ke6
37.Kf1 Nd3 38.Nd1 Kf5 39.Ke2 Nf4+ 40.Kf2 Bh4+ 41.Kg1 Nd5 42.Bf2 Bxf2+ 43.Kxf2 e4
44.Nc3 Nxc3 45.bxc3 Kf4 46.fxe4 Kxe4 47.Ke2 g5 48.Kd2 g4 49.Ke2 h5 50.Kf2 h4
51.Ke2 g3 52.hxg3 hxg3 53.a5 bxa5 54.c4 a4 55.bxa4 a5 56.c5 Kd5 57.Kf3 Kxc5
58.Kxg3 Kb4 59.Kf2 Kxa4 60.Ke2 Kb3  0-1

[Event "Clarin GP1 Boca Juniors"]
[Site "Boca"]
[Date "1997.??.??"]
[Round "3"]
[White "Panelo, Marcelo"]
[Black "Spangenberg, Hugo"]
[Result "0-1"]
[WhiteElo "2210"]
[BlackElo "2550"]

1.e4 c5 2.Nf3 e6 3.d4 cxd4 4.Nxd4 a6 5.Bd3 Bc5 6.Nb3 Ba7 7.O-O Nc6 8.Nc3 Nf6
9.Kh1 d6 10.a4 e5 11.Nd5 Be6 12.Bg5 Nb8 13.Nxf6+ gxf6 14.Bh4 Nd7 15.c3 Qc7
16.f4 O-O-O 17.f5 Bc4 18.Bxc4 Qxc4 19.Nd2 Qc6 20.b4 Kb8 21.Qb3 Rc8 22.Rf3 Rhf8
23.b5 Qc7 24.bxa6 Nc5 25.Qd5 Nxa6 26.Rb1 Qc6 27.Bxf6 Rc7 28.Qxc6 Rxc6 29.g4 Nc5
30.Rb4 Nd7 31.Bh4 Rfc8 32.c4 Bc5 33.Rb5 Bd4 34.a5 Nc5 35.Rb6 Rg8 36.h3 Kc7
37.Rb5 Ra8 38.Ra3 Rca6 39.Kg2 Kc6 40.Nf3 b6 41.Nxd4+ exd4 42.Bf2 Rxa5 43.Rbxa5 bxa5
44.Kf3 d3 45.Be3 a4 46.g5 Nd7 47.Bd4 Ne5+ 48.Bxe5 dxe5 49.Ke3 Kc5 50.Kxd3 Kb4
51.Ra1 Rd8+ 52.Kc2 Rd7 53.h4 Rc7 54.Kd3 Rd7+ 55.Kc2 a3 56.h5 Rc7 57.Kd3 Rxc4  0-1

[Event "Clarin GP1 Boca Juniors"]
[Site "Boca"]
[Date "1997.??.??"]
[Round "9"]
[White "Servat, Roberto"]
[Black "Varela, Gaston"]
[Result "1-0"]
[WhiteElo "2440"]
[BlackElo "2290"]

1.e4 c5 2.Nf3 e6 3.d4 cxd4 4.Nxd4 a6 5.Bd3 Qc7 6.O-O Nc6 7.Nxc6 bxc6 8.c4 Bc5
9.Qg4 Ne7 10.Qxg7 Rg8 11.Qc3 Ng6 12.Kh1 Nf4 13.a3 Nxd3 14.Qxd3 Bb7 15.Nc3 d5
16.cxd5 cxd5 17.exd5 Rd8 18.Bf4 Bd6 19.Qxh7 Rg4 20.Bxd6 Qxd6 21.Rad1 Qe5
22.Rfe1 Qf6 23.Kg1 Rg7 24.Qe4  1-0

[Event "Clarin GP1 Boca Juniors"]
[Site "Boca"]
[Date "1997.??.??"]
[Round "9"]
[White "Barria, Daniel"]
[Black "Spangenberg, Hugo"]
[Result "0-1"]
[WhiteElo "2355"]
[BlackElo "2550"]

1.e4 c5 2.Nf3 e6 3.d4 cxd4 4.Nxd4 a6 5.Bd3 Bc5 6.Nb3 Ba7 7.Qe2 Nc6 8.Be3 d6
9.c4 Nf6 10.Nc3 Bxe3 11.Qxe3 b6 12.O-O O-O 13.Rfd1 Qc7 14.Be2 Rd8 15.Rac1 Qb8
16.Rd2 e5 17.Rcd1 Be6 18.Na4 b5 19.Nb6 bxc4 20.Bxc4 Ng4 21.Qg3 Qxb6 22.Bxe6 Nf6
23.Bd5 Rac8 24.Bxc6 Qxc6 25.f3 a5 26.Qf2 a4 27.Na1 d5 28.exd5 Rxd5 29.Rxd5 Nxd5
30.Nc2 h6 31.Ne3 Nf4 32.Qd2 Rb8 33.Kh1 h5 34.h3 g6  0-1

[Event "Bourbon Lancy op"]
[Site "Bourbon Lancy"]
[Date "1997.??.??"]
[Round "2"]
[White "Fontaine, Robert"]
[Black "Gofshtein, Leonid D"]
[Result "1/2-1/2"]
[WhiteElo "2395"]
[BlackElo "2545"]

1.e4 c5 2.Nf3 e6 3.d4 cxd4 4.Nxd4 a6 5.Bd3 Qb6 6.Nb3 Qc7 7.c4 Nf6 8.Nc3 d6
9.O-O Nbd7 10.Be3 Be7 11.a4 b6 12.a5 bxa5 13.Nxa5 Rb8 14.Qa4 Ng4 15.Bd4 O-O
16.Be2 Nge5 17.b4 Bf6 18.Rfd1 Nb6 19.Qa2 Nbd7 20.Qa3 Ra8 21.Qa4 Nb6 22.Qa2 Nbd7
23.Qa4 Nb6 24.Qa2 Nbd7 25.Qa4  1/2-1/2

[Event "Doprastav op"]
[Site "Bratislava"]
[Date "1997.??.??"]
[Round "7"]
[White "Samko, Karol"]
[Black "Halasz, Michal"]
[Result "1/2-1/2"]
[WhiteElo "1945"]
[BlackElo "1840"]

1.e4 c5 2.Nf3 e6 3.d4 cxd4 4.Nxd4 a6 5.Bd3 Bc5 6.Nb3 Ba7 7.O-O Nc6 8.c4 Nf6
9.Nc3 O-O 10.Qe2 Ne5 11.Be3 Bxe3 12.Qxe3 Nxd3 13.Qxd3 Qc7 14.Nd2 b6 15.f4 d6
16.Kh1 Bb7 17.Qg3 Rad8 18.Rad1 d5 19.e5 Nh5 20.Qg4 g6 21.Rf3 Ng7 22.Rh3 Nf5
23.cxd5 exd5 24.Rd3 d4 25.Nce4 Ne3 26.Nf6+ Kh8  1/2-1/2

[Event "Bratto op"]
[Site "Bratto"]
[Date "1997.??.??"]
[Round "6"]
[White "Samaritani, Fabio"]
[Black "Farago, Ivan"]
[Result "1/2-1/2"]
[WhiteElo "2220"]
[BlackElo "2470"]

1.e4 c5 2.Nf3 e6 3.d4 cxd4 4.Nxd4 a6 5.Bd3 Nf6 6.O-O Qc7 7.Kh1 d6 8.c4 g6
9.Nc3 Bg7 10.f4 O-O 11.f5 Bd7 12.Qe1 Ng4 13.Nf3 Nc6 14.Qh4 h5 15.h3 Bf6 16.Bg5 Bxg5
17.Qxg5 Nge5 18.Qh6 f6 19.Nxe5 Nxe5 20.fxg6 Be8 21.Be2 Bxg6 22.Bxh5 Qh7 23.Qxh7+ Bxh7
24.b3 Kg7 25.Rad1 Rfd8 26.Rd2 Rac8 27.Rc1 b5 28.cxb5 axb5 29.Bf3 d5 30.exd5 Nd3
31.Rxd3 Bxd3 32.dxe6 b4 33.Ne2 Rxc1+ 34.Nxc1 Bf5 35.e7 Re8 36.Ne2 Rxe7 37.Nd4 Bb1
38.Nc6 Rb7 39.Kh2 Rb6 40.Nd4 Kf8 41.Kg3 Bxa2 42.Kf4 Rd6 43.Ke3 Bb1 44.g4 Kf7
45.h4 Rd8 46.Nc6 Rd3+ 47.Ke2 Kg7 48.Nxb4 Rxb3 49.Nd5 Rb2+ 50.Ke3 Rh2 51.g5 Rxh4
52.gxf6+ Kf7 53.Nc3 Bf5 54.Ne4 Bxe4 55.Bxe4 Kxf6 56.Kd4 Ke6 57.Kd3 Ke5 58.Bg6 Rf4
59.Kc3 Rf3+ 60.Kb2 Kd4 61.Ka1 Kc3 62.Be4 Rf2 63.Bg6 Rf1+ 64.Bb1 Re1 65.Ka2 Re7
66.Ka1 Kb3 67.Ba2+ Kc2 68.Bb1+ Kc1 69.Ba2 Rb7 70.Bc4 Rb1+ 71.Ka2 Rb4 72.Bd5 Ra4+
73.Kb3 Ra5 74.Kc4 Ra3 75.Kd4 Kd2 76.Ke4 Ra4+ 77.Kf5 Ke3 78.Kf6 Rg4 79.Be6 Rg1
80.Ke5 Rg5+ 81.Bf5 Rh5 82.Kf6 Kf4 83.Bg6 Ra5 84.Bf7 Ra6+ 85.Kg7 Kg5 86.Bc4 Ra7+
87.Kh8 Kh6 88.Bd5 Rd7 89.Bc4 Kg6 90.Bb3 Rh7+ 91.Kg8 Rc7 92.Kh8 Rc3 93.Be6 Re3
94.Bd5 Re1 95.Bc4 Rh1+ 96.Kg8 Rh3 97.Bf7+ Kf6 98.Bd5 Rd3 99.Bc4  1/2-1/2

[Event "Budapest FS12 IM-B"]
[Site "Budapest"]
[Date "1997.??.??"]
[Round "1"]
[White "Rodriguez Lopez, Rafael"]
[Black "Szeberenyi, Adam"]
[Result "1-0"]
[WhiteElo "2325"]
[BlackElo "2215"]

1.e4 c5 2.Nf3 e6 3.d4 cxd4 4.Nxd4 a6 5.Bd3 Bc5 6.Nb3 Ba7 7.Qe2 Nc6 8.Nc3 d6
9.Be3 b5 10.Bxa7 Rxa7 11.O-O Nf6 12.Nd1 O-O 13.Ne3 d5 14.exd5 exd5 15.Rfd1 Re8
16.Qf1 Qc7 17.c3 Qe5 18.Be2 Bf5 19.Nd4 Nxd4 20.Rxd4 Be4 21.a4 bxa4 22.Rdxa4 Rb7
23.R1a2 Reb8 24.Qc1 Qg5 25.Bxa6 Ra7 26.Qd1 Nh5 27.Bf1 f5 28.Nxd5 Rd7 29.Ra8 Rxa8
30.Rxa8+ Kf7 31.Qa4 Rd8 32.Qa7+ Kf8 33.Qc5+ Kg8 34.Ne7+ Qxe7 35.Qxe7 Rxa8
36.f3 Bd5 37.Qd7 Nf6 38.Qxf5 Ra1 39.Kf2 Ra2 40.Qb1 Ra7 41.Kg1  1-0

[Event "Goodricke op"]
[Site "Calcutta"]
[Date "1997.??.??"]
[Round "4"]
[White "Neelotpal, Das"]
[Black "Kiran, Pandit Rao"]
[Result "1-0"]
[WhiteElo "2205"]
[BlackElo "2280"]

1.e4 c5 2.Nf3 e6 3.d4 cxd4 4.Nxd4 a6 5.Bd3 Qb6 6.Nb3 Qc7 7.O-O Nf6 8.Nc3 Be7
9.f4 d6 10.Qf3 Nbd7 11.a4 b6 12.Bd2 Bb7 13.Rae1 O-O 14.Qh3 e5 15.g4 d5 16.exd5 e4
17.g5 Bc5+ 18.Nxc5 Qxc5+ 19.Be3 Qd6 20.Nxe4 Nxe4 21.Bxe4 g6 22.Bd4 f5 23.Bg2 Bxd5
24.Qa3 Qc6 25.Re7 Rf7 26.Rfe1 Raf8 27.Rxf7 Rxf7 28.Re8+ Nf8 29.Rxf8+ Rxf8
30.Qe7 Qb7 31.Bxd5+  1-0

[Event "Goodricke op"]
[Site "Calcutta"]
[Date "1997.??.??"]
[Round "7"]
[White "Joshi, G B."]
[Black "Gasimov, Ragim"]
[Result "1/2-1/2"]
[WhiteElo "2285"]
[BlackElo "2405"]

1.e4 c5 2.Nf3 e6 3.d4 cxd4 4.Nxd4 a6 5.Bd3 Nf6 6.O-O d6 7.c4 b6 8.Nc3 Bb7
9.Qe2 Nbd7 10.f4 Be7 11.Kh1 Qc7 12.f5 e5 13.Nc2 Nc5 14.Nb4 Nxd3 15.Qxd3 Rc8
16.b3 b5 17.Ncd5 Nxd5 18.Nxd5 Bxd5 19.cxd5 Qc3 20.Qxc3 Rxc3 21.Bd2 Rd3 22.Ba5 Kd7
23.Rac1  1/2-1/2

[Event "Goodricke op"]
[Site "Calcutta"]
[Date "1997.??.??"]
[Round "10"]
[White "Neelotpal, Das"]
[Black "Kunte, Abhijit"]
[Result "1-0"]
[WhiteElo "2205"]
[BlackElo "2315"]

1.e4 c5 2.Nf3 e6 3.d4 cxd4 4.Nxd4 a6 5.Bd3 Nf6 6.O-O Qc7 7.c4 d6 8.Nc3 Be7
9.Be3 b6 10.f4 Nbd7 11.Rc1 O-O 12.Qe2 Re8 13.Bb1 Bb7 14.f5 Bd8 15.Kh1 Ne5
16.b3 Rc8 17.Bg1 Qd7 18.Qe3 g6 19.fxe6 fxe6 20.Qh3 Nfg4 21.Rcd1 Qe7 22.Nce2 Rb8
23.Nf4 Bc8 24.Qg3 Qh4 25.Qxh4 Bxh4 26.h3 Nh6 27.Nd3 Nxd3 28.Rxd3 Nf7 29.Nc6 Rb7
30.Rdf3 Bd8 31.Nxd8 Nxd8 32.e5 dxe5 33.Be4 Rb8 34.Be3 Bb7 35.Bh6 Nc6 36.Rf7 Ne7
37.Rg7+ Kh8 38.Rff7  1-0

[Event "Goodricke op"]
[Site "Calcutta"]
[Date "1997.??.??"]
[Round "10"]
[White "Ganguly, Surya Shekhar"]
[Black "Levitt, Jonathan"]
[Result "1-0"]
[WhiteElo "2265"]
[BlackElo "2440"]

1.e4 c5 2.Nf3 e6 3.d4 cxd4 4.Nxd4 a6 5.Bd3 Ne7 6.O-O Nec6 7.Nb3 b5 8.Be3 d6
9.a4 b4 10.a5 Nd7 11.N1d2 Be7 12.f4 O-O 13.Qf3 Bb7 14.Qh3 e5 15.Nc4 Rb8 16.Rad1 Bc8
17.f5 Nc5 18.Bxc5 dxc5 19.Be2 Qc7 20.Qg3 Kh8 21.Ne3 Nd4 22.Nxd4 cxd4 23.Rxd4 Bc5
24.Rd3 f6 25.Kh1 Qxa5 26.Rfd1 Qc7 27.Ng4 Qc6 28.Rd5 Ra8 29.Bc4 Bd4 30.b3 a5
31.Qh4 a4 32.R5xd4 exd4 33.Rd3 Be6 34.Bxe6 Qxe6 35.fxe6 axb3 36.Qe1 bxc2
37.h4 Rfc8 38.Qc1 Kg8 39.Kh2 Rab8 40.Rb3 d3 41.Rxd3 b3 42.Nxf6+ Kh8 43.e7 b2
44.Qxb2  1-0